000 00486nam a2200169 a 4500
001 000032931
003 DO-SdBNP
005 20220913140652.0
008 110802s19uu dr 000 0 spa d
040 _aDO-SdBNP
_bspa
_cBNPHU
049 _aBNPD
100 1 _aBenjamín Guzmán, F.
_958683
245 1 0 _aBajo los oros del día /
_cF. Benjamín Guzmán.
260 _aSantiago, República Dominicana :
_bCorazón de Jésus,
_c[199?].
300 _a124 p. ;
_c17 cm.
942 _2ddc
_cLBS1
999 _c32422
_d32422